000 00768nam a2200253 a 4500
001 000021534
005 20200930011346.0
008 100908s1982 xxuad r 000 0 spa d
020 _a0675099382
040 _aDO-SdBNP
_bspa
_cBNPHU
082 _a621.3192
_bB792i, 1982
100 1 _aBoylestad, Robert L.
_944895
245 1 0 _aIntroductory circuit analysis /
_cRobert L. Boylestad.
250 _a4a ed.
260 _aOhio :
_bCharles e. Merrill Publishing Company,
_c1982.
300 _axii, 788 p. ; :
_bil., diag. ;
_c26 cm.
500 _aIncluye índice alfabético.
650 4 _aCircuitos eléctricos
_925833
700 1 _aMarie, Else
_944896
700 1 _aJo, Eric
_944897
700 1 _aJo, Alison
_944898
700 1 _aJo, Stacey
_944899
049 _aBNGR
999 _c21034
_d21034